| 000 | 00384nam a22001577a 4500 | ||
|---|---|---|---|
| 005 | 20240118124050.0 | ||
| 008 | 240118b |||||||| |||| 00| 0 eng d | ||
| 020 | _a978-81920-8460-2 | ||
| 041 | _aeng | ||
| 100 |
_aGEWALI, SALIL _98400 |
||
| 245 | _aGREAT MINDS ON INDIA | ||
| 260 |
_aSHILLONG _bACADEMIC PUBLICATIONS |
||
| 300 | _a144;P | ||
| 650 |
_aLIFE SKILL _98393 |
||
| 942 | _cBK | ||
| 999 |
_c8485 _d8483 |
||